Statistiken für Land Form Quiz # 5

Klicken Sie hier um das Quiz zu spielen!

Allgemein

  • Dieses Quiz wurde 11.887 mal gespielt
  • Das Durchschnittsergebnis liegt bei 9 aus 16

Antwortstatistiken

Antwort% Korrekt
Marokko
91%
Irland
86%
Niederlande
77%
Finnland
74%
Papua-Neuguinea
74%
Myanmar
70%
Pakistan
61%
Jemen
57%
Serbien
48%
Bahamas
45%
Südkorea
45%
Jordanien
44%
Tunesien
42%
Estland
39%
Ecuador
38%
Katar
24%

Verteilung der Resultate

Perzentil nach korrekt beantworteten Fragen

Anzahl Personen mit jedem Resultat

Ihre Resultats-Entwicklung

Sie haben dieses Quiz noch nicht gespielt